Basic Computer Engineering (Record no. 405)

000 -LEADER
fixed length control field 00557nam a2200169 a 4500
020 ## - INTERNATIONAL STANDARD BOOK NUMBER
ISBN 9350140934 (paperback)
020 ## - INTERNATIONAL STANDARD BOOK NUMBER
ISBN 9789350140932 (paperback)
082 ## - DEWEY DECIMAL CLASSIFICATION NUMBER
Classification number 004MIS
100 1# - MAIN ENTRY--AUTHOR NAME
Personal name Mishra, Vijay
245 10 - TITLE STATEMENT
Title Basic Computer Engineering
260 ## - PUBLICATION, DISTRIBUTION, ETC. (IMPRINT)
Place of publication New Delhi
Name of publisher S K KATARIA & SONS,
Year of publication 2010.
300 ## - PHYSICAL DESCRIPTION
Number of Pages 1 v. (unpaged) ;
650 ## - SUBJECT ADDED ENTRY--TOPICAL TERM
Topical Term Computer Engineering
650 ## - SUBJECT ADDED ENTRY--TOPICAL TERM
Topical Term Computer science
856 40 - ELECTRONIC LOCATION AND ACCESS
Uniform Resource Identifier https://books.google.com.pk/books?id=QkHJEAAAQBAJ&newbks=1&newbks_redir=0&dq=Basic+computer+engineering+by+mishra&source=gbs_navlinks_s
942 ## - ADDED ENTRY ELEMENTS (KOHA)
Koha item type Books
Holdings
Withdrawn status Lost status Permanent Location Current Location Shelving location Date acquired Cost, normal purchase price Full call number Accession Number Koha item type
    Central Library, QUEST, Nawabshah Central Library, QUEST, Nawabshah   2014-04-24 869.00 621.3819MIS 43971 Books
    Central Library, QUEST, Nawabshah Central Library, QUEST, Nawabshah   2014-04-24 869.00 621.3819MIS 43972 Books
    Central Library, QUEST, Nawabshah Central Library, QUEST, Nawabshah   2014-04-24 869.00 621.3819MIS 43973 Books
    Reference Section Reference Section Reference 2014-04-24 869.00 621.3819MIS (Shelf - 02B) 43969 Books
    Reference Section Reference Section Reference 2014-04-24 869.00 621.3819MIS (Shelf - 02B) 43970 Books

Copyright © 2018,The QUEST, Nawabshah, Shaheed Benazirabad. All rights reserved
Mr. G. Farooq Channar (Librarian) QUEST, Nawabshah, Sindh, Pakistan 67480.
 Ph#: |   0244-9370381-4 Ext. 2308   Email| lib@quest.edu.pk   Web|  http://www.quest.edu.pk